LotR: The Fellowship of the Rings Characters - Statistics

General Stats
  • This quiz has been taken 40 times
  • The average score is 12 of 16
Answer Stats
Hint Character % Correct
Protagonist Frodo Baggins
100%
Archer Legolas
100%
Angel Wizard Gandalf
97%
Protagonist's Best Friend Samwise
97%
Evil Wizard Saruman
92%
Main Antagonist Sauron
92%
Father of the Protagonist Bilbo Baggins
89%
Corrupted Hobbit Gollum
89%
Comedic Relief Pippin Took
86%
Heir of Isildur Aragorn
81%
Very Powerful Elf Galadriel
81%
Comedic Relief Merry Brandybuck
75%
Lord of Lothlorien Celeborn
50%
Uruk-Hai Orc Captain Lurtz
22%
Last High King of Noldor Gil-Galad
19%
Oldest Proudfoot Everard
0%
No matching quizzes found
Score Distribution
Percent of People with Each Score
Percentile by Number Answered
Your Score History
You have not taken this quiz